Biochemical engineering : (Record no. 18119)
[ view plain ]
| 000 -LEADER | |
|---|---|
| fixed length control field | 00816nam a22002417a 4500 |
| 005 - DATE AND TIME OF LATEST TRANSACTION | |
| control field | 20140317134535.0 |
| 008 - FIXED-LENGTH DATA ELEMENTS--GENERAL INFORMATION | |
| fixed length control field | 140317s2012 ii adk frbd 001 0 eng d |
| 020 ## - INTERNATIONAL STANDARD BOOK NUMBER | |
| International Standard Book Number | 9788120345850 |
| 082 04 - DEWEY DECIMAL CLASSIFICATION NUMBER | |
| Edition number | 22 |
| Classification number | 660.63 |
| Item number | INA |
| 100 1# - MAIN ENTRY--PERSONAL NAME | |
| Personal name | Inamdar, Syed Tranveer Ahmed |
| 245 10 - TITLE STATEMENT | |
| Title | Biochemical engineering : |
| Remainder of title | principles and concepts / |
| Statement of responsibility, etc | Syed Tanveer Ahmed Inamdar. |
| 250 ## - EDITION STATEMENT | |
| Edition statement | 3rd ed., |
| Remainder of edition statement | estern economy ed. |
| 260 ## - PUBLICATION, DISTRIBUTION, ETC. (IMPRINT) | |
| Place of publication, distribution, etc | New Delhi : |
| Name of publisher, distributor, etc | PHI Learning Private Limited, |
| Date of publication, distribution, etc | 2012. |
| 300 ## - PHYSICAL DESCRIPTION | |
| Extent | xxii, 442 p. : |
| Other physical details | charts, forms, tables ; |
| Dimensions | 24 cm. |
| 500 ## - GENERAL NOTE | |
| General note | Index : p. 437-442. |
| 500 ## - GENERAL NOTE | |
| General note | Glossary : p. 429-434. |
| 500 ## - GENERAL NOTE | |
| General note | Includes appendix. |
| 504 ## - BIBLIOGRAPHY, ETC. NOTE | |
| Bibliography, etc | Bibliography : p. 435-436. |
| 650 #0 - SUBJECT ADDED ENTRY--TOPICAL TERM | |
| Topical term or geographic name as entry element | Biochemical engineering |
| 9 (RLIN) | 19460 |
| 653 ## - INDEX TERM--UNCONTROLLED | |
| Resource For college | Engineering, Chemical |
| Arrived date list | March2014 |
| 655 ## - INDEX TERM--GENRE/FORM | |
| Form subdivision | |
| -- | 33728 |
| 942 ## - ADDED ENTRY ELEMENTS (KOHA) | |
| Source of classification or shelving scheme | Dewey Decimal Classification |
| Call number prefix | 660.63 INA |
| Withdrawn status | Item status | Source of classification or shelving scheme | Damaged status | Not for loan | Vendor | Home library | Current library | Shelving location | Date acquired | Source of acquisition | Cost, normal purchase price | Total Checkouts | Full call number | Barcode | Date last seen | Cost, replacement price | Koha item type | Total Renewals | Checked out | Date last borrowed |
|---|---|---|---|---|---|---|---|---|---|---|---|---|---|---|---|---|---|---|---|---|
| Dewey Decimal Classification | Baccah | Central Library | Central Library | First floor | 17/03/2014 | 220.00 | 660.63 INA | 000035709 | 15/07/2025 | 275.00 | NB - Book (Non borrowing) | |||||||||
| Dewey Decimal Classification | Baccah | Central Library | Central Library | First floor | 17/03/2014 | 220.00 | 3 | 660.63 INA | 000035710 | 03/01/2019 | 275.00 | Book - Borrowing | 1 | 22/09/2019 | 03/01/2019 | |||||
| Dewey Decimal Classification | Baccah | Central Library | Central Library | First floor | 17/03/2014 | 220.00 | 8 | 660.63 INA | 000035711 | 15/07/2025 | 275.00 | Book - Borrowing | 26 | 14/02/2024 |